Razas modernas de animales / (Record no. 36226)

MARC details
000 -LEADER
campo de control de longitud fija 00592nam a2200181 i 4500
001 - NÚMERO DE CONTROL
campo de control 36226
003 - IDENTIFICADOR DE NÚMERO DE CONTROL
campo de control ES-MaACL
005 - FECHA Y HORA DE LA ÚLTIMA TRANSACCIÓN
campo de control 20230906155328.0
007 - CAMPO FIJO DE DESCRIPCIÓN FÍSICA--INFORMACIÓN GENERAL
campo de control de longitud fija t|
008 - DATOS DE LONGITUD FIJA--INFORMACIÓN GENERAL
campo de control de longitud fija 030217s1971 sp ||||1| spa d
100 1# - ENTRADA PRINCIPAL--NOMBRE DE PERSONA
Nombre de persona Briggs, Hilton M.
9 (RLIN) 31721
245 10 - MENCIÓN DEL TÍTULO
Título Razas modernas de animales /
Mención de responsabilidad, etc. Hilton M. Briggs ; traducido por Pedro Ducar Maluenda ; con la asistencia de Dinus M. Briggs.
260 ## - PUBLICACIÓN, DISTRIBUCIÓN, ETC.
Lugar de publicación, distribución, etc. Zaragoza :
Nombre del editor, distribuidor, etc. Acribia,
Fecha de publicación, distribución, etc. [1971]
300 ## - DESCRIPCIÓN FÍSICA
Extensión 747 p. :
Otras características físicas il. ;
Dimensiones 24 cm.
700 1# - ENTRADA AGREGADA--NOMBRE PERSONAL
Nombre de persona Ducar Maluenda, Pedro.
9 (RLIN) 45803
700 1# - ENTRADA AGREGADA--NOMBRE PERSONAL
Nombre de persona Briggs, Dinus M.
9 (RLIN) 31720
852 ## - LOCALIZACIÓN
Ubicación ES-MaACL
Número de control de estantería C-42193
Sublocalización o colección R.79957
Holdings
Estatus retirado Estado de pérdida Estado de daño No para préstamo Biblioteca de origen Biblioteca actual Ubicación en estantería Fecha de adquisición Fuente de adquisición Total de préstamos Signatura topográfica completa Código de barras Visto por última vez Precio de reemplazo Tipo de ítem Koha
        Biblioteca del Ateneo de Madrid Biblioteca del Ateneo de Madrid Depósito 2 17/01/2008     C-42193 1038027 23/02/2023 23/02/2023 Libro impreso